<?xml version="1.0" encoding="UTF-8"?>
<record
    xmlns:xsi="http://www.w3.org/2001/XMLSchema-instance"
    xsi:schemaLocation="http://www.loc.gov/MARC21/slim http://www.loc.gov/standards/marcxml/schema/MARC21slim.xsd"
    xmlns="http://www.loc.gov/MARC21/slim">

  <leader>01532nam a22002537a 4500</leader>
  <datafield tag="999" ind1=" " ind2=" ">
    <subfield code="c">22148</subfield>
    <subfield code="d">22148</subfield>
  </datafield>
  <controlfield tag="003">AR-CdUCM</controlfield>
  <controlfield tag="008">190515b           ||||| |||| 00| 0 spa d</controlfield>
  <datafield tag="040" ind1=" " ind2=" ">
    <subfield code="a">MUNICIPALIDAD PROVINCIAL DEL CUSCO</subfield>
    <subfield code="c">BIBLIOTECA MUNICIPAL DEL CUSCO</subfield>
  </datafield>
  <datafield tag="082" ind1=" " ind2=" ">
    <subfield code="a">Tiempos/N&#xB0;10/2015</subfield>
  </datafield>
  <datafield tag="245" ind1=" " ind2=" ">
    <subfield code="a">Tiempos revista de historia y cultura /</subfield>
    <subfield code="c">Taller de Investigaciones hist&#xF3;ricas</subfield>
  </datafield>
  <datafield tag="260" ind1=" " ind2=" ">
    <subfield code="a">Lima :</subfield>
    <subfield code="b">Tiempos,</subfield>
    <subfield code="c">2015.</subfield>
  </datafield>
  <datafield tag="300" ind1=" " ind2=" ">
    <subfield code="a">350 p&#xE1;ginas ;</subfield>
    <subfield code="c">21 cm.</subfield>
  </datafield>
  <datafield tag="440" ind1=" " ind2=" ">
    <subfield code="a">Tiempos revista de historia y cultura.</subfield>
    <subfield code="n">A&#xF1;o 10, N&#xB0;10, noviembre 2015.</subfield>
    <subfield code="9">47536</subfield>
  </datafield>
  <datafield tag="505" ind1=" " ind2=" ">
    <subfield code="a">Contenido: Aves  en la mitolog&#xED;ae iconograf&#xED;a del Per&#xFA; ancestral. Federico Kauffmann Doig. -- La sorprendente vida de Francisco Pizarro. Mar&#xED;a del Carmen Mart&#xED;n Rubio. -- Diego de Le&#xF3;n Pinelo su defensa de San Marcos 1648 en la tradici&#xF3;n acad&#xE9;mica y literaria de Lima colonial. Teodoro Hampe Mart&#xED;nez. -- La propiedad de Machupicchu y unos aportes hist&#xF3;ricos legales para su mejor comprensi&#xF3;n en el siglo XXI. Mariana Mould de Pease. -- La econom&#xED;a de la Salud en Variedades durante la rep&#xFA;blica aristocr&#xE1;tica. Jos&#xE9; Chaupis Torres. -- La cofrad&#xED;a de Nuestra Se&#xF1;ora de Cocharcas de Lima siglos XVI-XIX. Jimmy Mart&#xED;nez C&#xE9;spedes. ... </subfield>
  </datafield>
  <datafield tag="650" ind1=" " ind2=" ">
    <subfield code="a">Historia del Per&#xFA;</subfield>
    <subfield code="9">259</subfield>
  </datafield>
  <datafield tag="650" ind1=" " ind2=" ">
    <subfield code="a">Machupicchu</subfield>
    <subfield code="9">1751</subfield>
  </datafield>
  <datafield tag="650" ind1=" " ind2=" ">
    <subfield code="a">&#xC9;poca colonial</subfield>
    <subfield code="9">47537</subfield>
  </datafield>
  <datafield tag="650" ind1=" " ind2=" ">
    <subfield code="a">Iconograf&#xED;a andina</subfield>
    <subfield code="9">46792</subfield>
  </datafield>
  <datafield tag="700" ind1=" " ind2=" ">
    <subfield code="a">Kauffmann Doig, Federico</subfield>
    <subfield code="9">6213</subfield>
  </datafield>
  <datafield tag="700" ind1=" " ind2=" ">
    <subfield code="a">Mart&#xED;n Rubio, Mar&#xED;a del Carmen</subfield>
    <subfield code="9">46154</subfield>
  </datafield>
  <datafield tag="700" ind1=" " ind2=" ">
    <subfield code="a">Mould de Pease, Mariana</subfield>
    <subfield code="9">7113</subfield>
  </datafield>
  <datafield tag="942" ind1=" " ind2=" ">
    <subfield code="2">ddc</subfield>
    <subfield code="c">PP</subfield>
  </datafield>
  <datafield tag="945" ind1=" " ind2=" ">
    <subfield code="a">rac</subfield>
  </datafield>
  <datafield tag="952" ind1=" " ind2=" ">
    <subfield code="0">0</subfield>
    <subfield code="2">ddc</subfield>
    <subfield code="4">0</subfield>
    <subfield code="7">0</subfield>
    <subfield code="a">HEM</subfield>
    <subfield code="b">HEM</subfield>
    <subfield code="c">CART</subfield>
    <subfield code="d">2022-03-14</subfield>
    <subfield code="g">10.00</subfield>
    <subfield code="o">Tiempos/N&#xB0;10/2015</subfield>
    <subfield code="p">REVC000698</subfield>
    <subfield code="r">2022-03-14</subfield>
    <subfield code="y">PP</subfield>
  </datafield>
</record>
